=LDR 00000nam 2200000 4500 =001 INLIS000000000037410 =005 20200227062119 =035 ##$$a 0010-061300000037410 =008 200227################g##########0#ind## =041 ##$$a Ind =082 ##$$a 158.1 =090 ##$$a 158.1, Sya t =100 ##$$a Syam, Syahril =245 1#$$a The secret of Attractor factor : $b Mengetahui rahasia law of atraction untuk mendapatkan apapun yang anda inginkan /$c Syahril Syam =260 ##$$a Jakarta :$b Gramedia,$c 2008 =300 ##$$a xxviii, 220 hlm. : $b ilus. ; $c 13,5x17 cm. =650 #4$$a Kebahagiaan =850 ##$$a NBPNMAT =020 ##$$a 978-979-22-3807-5 =084 ##$$a 158.1 SYA t =504 ##$$a Bibliografi : hlm. 212-217 =990 ##$$a 0001/BPAP-NTB/20142014 =990 ##$$a 0001/BPAP-NTB/2015